000 00319nam a2200121Ia 4500
008 240731s9999 xx 000 0 und d
022 _a1958-5780
245 0 _aJournal of Applied Non-Classical Logics
260 _bTaylor & Francis
856 _uhttps://www.tandfonline.com/loi/tncl20
942 _2ddc
942 _cTFEJ
999 _c77434
_d77434
945 _a1
_bMadushi Gamage
_c1
_dMadushi Gamage